|
|
|
|
| LEADER |
01577nam a2200337 a 4500 |
| 001 |
12416494 |
| 008 |
091116r2002 maua b 001 0 eng d |
| 010 |
|
|
|a 2001091411
|
| 020 |
|
|
|a 007048662x
|
| 020 |
|
|
|a 0072339160 (alk. paper)
|
| 020 |
|
|
|a 0071123059 (international ed.)
|
| 040 |
|
|
|a DLC
|c DLC
|d DLC
|
| 082 |
0 |
0 |
|a 332.6
|2 21
|
| 100 |
1 |
|
|a Bodie, Zvi.
|
| 245 |
1 |
0 |
|a Investments /
|c Zvi Bodie, Alex Kane, Alan J. Marcus.
|
| 250 |
|
|
|a 5th ed.
|
| 260 |
|
|
|a Boston ;
|a New Delhi :
|b Tata McGraw-Hill/Irwin,
|c c2002.[reprinted]
|
| 300 |
|
|
|a xxviii, 1015 p. :
|b ill. ;
|c 24 cm.
|
| 490 |
0 |
|
|a The McGraw-Hill/Irwin series in finance, insurance, and real estate
|
| 504 |
|
|
|a Includes bibliographical references and indexes.
|
| 541 |
1 |
|
|e 00010272
|
| 650 |
|
0 |
|a Investments.
|
| 650 |
|
0 |
|a Portfolio management.
|
| 700 |
1 |
|
|a Kane, Alex.
|
| 700 |
1 |
|
|a Marcus, Alan J.
|
| 852 |
4 |
|
|a Ayesha Abed Library
|j General Shelf.
|
| 942 |
0 |
0 |
|0 4
|
| 999 |
|
|
|c 5542
|d 5542
|
| 952 |
|
|
|0 0
|1 0
|2 ddc
|4 0
|6 332_600000000000000_BOD_2002
|7 0
|9 5426
|a BRACUL
|b BRACUL
|c GEN
|d 2009-11-16
|g 0.00
|l 12
|m 109
|o 332.6 BOD
|p 3010010272
|r 2018-09-04
|s 2018-06-06
|t 1
|w 2009-11-16
|y BK
|x No price found in the accession register.
|
| 952 |
|
|
|0 0
|1 0
|2 ddc
|4 0
|6 332_600000000000000_BOD_2002
|7 0
|9 5848
|a BRACUL
|b BRACUL
|c GEN
|d 2009-12-06
|g 0.00
|l 19
|m 135
|o 332.6 BOD
|p 3010010276
|r 2025-09-20
|s 2025-07-26
|t 2
|w 2009-12-06
|y BK
|x No price found in the accession register.
|
| 952 |
|
|
|0 0
|1 0
|2 ddc
|4 0
|6 332_600000000000000_BOD_2002
|7 0
|9 8872
|a BRACUL
|b BRACUL
|c GEN
|d 2010-03-29
|l 16
|m 154
|o 332.6 BOD
|p 3010010275
|r 2022-05-11
|s 2022-03-21
|t 3
|w 2010-03-29
|y BK
|